Statistics for Formula One: All McLAREN Formula 1 Drivers (59)

Click here to take the quiz!

General Stats

  • This quiz has been taken 25 times
  • The average score is 34 of 59

Answer Stats

Season#StartsDriver% Correct
2007 - 2012110๐Ÿ‡ฌ๐Ÿ‡ง*Lewis Hamilton
100%
1988 - 199396๐Ÿ‡ง๐Ÿ‡ท***Ayrton Senna
96%
2019 - 202037๐Ÿ‡ช๐Ÿ‡ธCarlos Sainz
96%
2021 - 202244๐Ÿ‡ฆ๐Ÿ‡บDaniel Ricciardo
96%
2023 -22๐Ÿ‡ฆ๐Ÿ‡บOskar Piastri
96%
2007, 2015 - 201894๐Ÿ‡ช๐Ÿ‡ธFernando Alonso
91%
2010 - 2017136๐Ÿ‡ฌ๐Ÿ‡งJenson Button
91%
2002 - 200687๐Ÿ‡ซ๐Ÿ‡ฎKimi Rรคikkรถnen
91%
2019 -104๐Ÿ‡ฌ๐Ÿ‡งLando Norris
91%
1993 - 2001131๐Ÿ‡ซ๐Ÿ‡ฎ**Mika Hรคkkinen
91%
201319๐Ÿ‡ฒ๐Ÿ‡ฝSergio Perez
91%
1980, 1984 - 1989107๐Ÿ‡ซ๐Ÿ‡ท***Alain Prost
87%
1976 - 197849๐Ÿ‡ฌ๐Ÿ‡ง*James Hunt
87%
2016 - 201841๐Ÿ‡ง๐Ÿ‡ชStoffel Vandoorne
87%
19771๐Ÿ‡จ๐Ÿ‡ฆGilles Villeneuve
83%
2008 - 200935๐Ÿ‡ซ๐Ÿ‡ฎHeikki Kovalainen
83%
19951๐Ÿ‡ฉ๐Ÿ‡ฐJan Magnussen
83%
2005 - 200626๐Ÿ‡จ๐Ÿ‡ดJuan Pablo Montoya
83%
201419๐Ÿ‡ฉ๐Ÿ‡ฐKevin Magnussen
83%
1982 - 198558๐Ÿ‡ฆ๐Ÿ‡น*Niki Lauda
83%
1996 - 2004150๐Ÿด๓ ง๓ ข๓ ณ๓ ฃ๓ ด๓ ฟDavid Coulthard
78%
1966 - 197035๐Ÿ‡ณ๐Ÿ‡ฟBruce McLaren
74%
1974 - 197528๐Ÿ‡ง๐Ÿ‡ท*Emerson Fittipaldi
74%
1972, 19736๐Ÿ‡ฟ๐Ÿ‡ฆJody Scheckter
74%
199313๐Ÿ‡บ๐Ÿ‡ธMichael Andretti
74%
2005, 20069๐Ÿ‡ช๐Ÿ‡ธPedro de la Rosa
74%
1990 - 199248๐Ÿ‡ฆ๐Ÿ‡นGerhard Berger
70%
1968 - 197486๐Ÿ‡ณ๐Ÿ‡ฟDenny Hulme
65%
1974 - 197749๐Ÿ‡ฉ๐Ÿ‡ชJochen Mass
65%
19731๐Ÿ‡ง๐Ÿ‡ชJacky Ickx
61%
198616๐Ÿ‡ซ๐Ÿ‡ฎKeke Rosberg
61%
19784๐Ÿ‡ง๐Ÿ‡ทNelson Piquet
57%
20051๐Ÿ‡ฆ๐Ÿ‡นAlexander Wurz
52%
1979 - 1983, 198573๐Ÿ‡ฌ๐Ÿ‡งJohn Watson
52%
199416๐Ÿ‡ฌ๐Ÿ‡งMartin Brundle
52%
19952๐Ÿ‡ฌ๐Ÿ‡งNigel Mansell
52%
1978 - 197928๐Ÿ‡ซ๐Ÿ‡ทPatrick Tambay
48%
1968, 19706๐Ÿ‡บ๐Ÿ‡ธDan Gurney
43%
1972 - 197323๐Ÿ‡บ๐Ÿ‡ธPeter Revson
43%
198114๐Ÿ‡ฎ๐Ÿ‡นAndrea de Cesaris
39%
199515๐Ÿ‡ฌ๐Ÿ‡งMark Blundell
39%
198716๐Ÿ‡ธ๐Ÿ‡ชStefan Johansson
39%
1968, 1970, 197111๐Ÿ‡ธ๐Ÿ‡ชJoakim Bonnier
30%
19705๐Ÿ‡ฎ๐Ÿ‡นAndrea de Adamich
26%
19704๐Ÿ‡ฌ๐Ÿ‡งJohn Surtees
26%
197411๐Ÿ‡ฌ๐Ÿ‡งMike Hailwood
26%
1970 - 197114๐Ÿ‡บ๐Ÿ‡ธPeter Gethin
26%
19941๐Ÿ‡ซ๐Ÿ‡ทPhilippe Alliot
22%
19772๐Ÿ‡ช๐Ÿ‡ธEmilio de Villota
17%
19713๐Ÿ‡ฌ๐Ÿ‡งJackie Oliver
17%
1977 - 197817๐Ÿ‡บ๐Ÿ‡ธBrett Lunger
13%
19723๐Ÿ‡ฌ๐Ÿ‡งBrian Redman
13%
1977 - 19786๐Ÿ‡ฎ๐Ÿ‡นBruno Giacomelli
13%
19743๐Ÿ‡ฌ๐Ÿ‡งDavid Hobbs
13%
19691๐Ÿ‡ฌ๐Ÿ‡งDerek Bell
13%
19691๐Ÿ‡ฟ๐Ÿ‡ฆBasil van Rooyen
9%
1974, 19752๐Ÿ‡ฟ๐Ÿ‡ฆDave Charlton
9%
19714๐Ÿ‡ฌ๐Ÿ‡งVic Elford
9%
19711๐Ÿ‡บ๐Ÿ‡ธMark Donohue
4%

Score Distribution

Percentile by Number Answered

Percent of People with Each Score

Your Score History

You have not taken this quiz